| 000 | 00790cam a2200217 4500 | ||
|---|---|---|---|
| 001 | L137012 | ||
| 008 | 070309s2007 xxk f 000 0 eng d | ||
| 035 | _a(Sirsi) u137012 | ||
| 041 | 0 | _aeng | |
| 100 | 1 | _aWright, Alan F. | |
| 245 | 0 | 2 | _aA summary of satellite surveying |
| 260 | _c2007 | ||
| 490 | 0 |
_aCivil Engineering Surveyor _vMarch 2007, 23-24(2) |
|
| 520 | _aProvides information on a number of satellite navigation and surveying systems which are currently available including the transit system, the GPS system, GLONASS and the Galileo system. | ||
| 590 | _aKA | ||
| 650 | 2 | 4 | _aGALILEO |
| 650 | 2 | 4 | _aGLONASS |
| 651 | 4 | _aInternational | |
| 690 | _aENVIRONMENTAL AND LAND CONSULTANCY-GEOMATICS-GEOGRAPHIC INFORMATION SCIENCE-GEOGRAPHIC INFORMATION SYSTEMS | ||
| 942 | _n0 | ||
| 999 |
_c106590 _d106590 |
||